El Palau dels Artesans : exposició fotogràfica exposició fotogràfica
Descripción Física:
1 targeta postal ; il. col. ; 11 x 15 cm.
Materias:
Manent, Ramon, -- 1948- -- Exposicions
; Palau Güell (Barcelona) -- Exposicions
; Fotografies -- Catalunya -- Exposicions
; Targetes postals
Idioma:
Catalán
MARC
| LEADER | 00000nkm a22000007a 4500 | ||
|---|---|---|---|
| 001 | 27247 | ||
| 003 | Arxiu | ||
| 005 | 20260324181150.0 | ||
| 008 | 230110b spa||||| |||| 00| 0 cat d | ||
| 017 | |a B 24677-2018 | ||
| 040 | |a agdb |b cat | ||
| 245 | |a El Palau dels Artesans : |b exposició fotogràfica | ||
| 260 | |a Barcelona : |b Palau Güell : |b Diputació de Barcelona ; |c 2018 | ||
| 300 | |a 1 targeta postal ; |b il. col. ; |c 11 x 15 cm. | ||
| 500 | |a Postal de l'exposició realitzada a Can Serra, del 4 d'octubre al 5 de desembre de 2018. | ||
| 600 | 0 | |9 53166 |a Manent, Ramon, |d 1948- |v Exposicions | |
| 610 | 2 | 0 | |9 52787 |a Palau Güell (Barcelona) |v Exposicions |
| 650 | 0 | |2 Arxiu |9 19823 |a Fotografies |x Catalunya |x Exposicions | |
| 655 | 0 | |9 52685 |a Targetes postals | |
| 710 | 2 | |9 17034 |a Palau Güell (Barcelona) | |
| 942 | |2 udc |c ARXIU |n 1 | ||
| 952 | |0 0 |1 0 |2 udc |4 0 |6 NBM16167 |7 1 |9 65002 |a Arxiu |b Arxiu |d 2023-01-10 |l 0 |o NBM-16-167 |p 27247 |r 2023-01-10 00:00:00 |w 2023-01-10 |y ARXIU | ||
| 999 | |c 82947 |d 82947 | ||